Politeness : some universals in language usage
Αποθηκεύτηκε σε:
| Κύριος συγγραφέας: | |
|---|---|
| Άλλοι συγγραφείς: | |
| Μορφή: | Βιβλίο |
| Γλώσσα: | English |
| Δημοσίευση: |
Cambridge :
Cambridge University Press,
1987
|
| Σειρά: | Studies in interactional sociolinguistics ;
; 4 |
| Θέματα: | |
| Ετικέτες: |
Προσθήκη ετικέτας
Δεν υπάρχουν, Καταχωρήστε ετικέτα πρώτοι!
|
MARC
| LEADER | 00000nam a2200000 i 4500 | ||
|---|---|---|---|
| 001 | 1/95504 | ||
| 008 | 941014s1987 eng d | ||
| 020 | |a 0-521-31355-4 | ||
| 035 | |l 10009766 | ||
| 040 | |a GR-MY-UA |b gre |e aacr | ||
| 041 | 0 | |a eng | |
| 082 | 0 | |a 401.9 | |
| 100 | 1 | |a Brown, Penelope. | |
| 245 | 1 | 0 | |a Politeness : |b some universals in language usage / |c Penelope Brown and Stephen C. Levinson |
| 260 | |a Cambridge : |b Cambridge University Press, |c 1987 | ||
| 300 | |a 345 p. |b tables | ||
| 490 | 1 | |a Studies in interactional sociolinguistics |v ; 4 | |
| 500 | |a The bulk of the material in this volume first appeared in a collection in the series Cambridge papers in social anthropology, volume 8. | ||
| 650 | 0 | 0 | |a Sociolinguistics. |
| 650 | 0 | 0 | |a Etiquette. |
| 650 | 0 | 0 | |a Conversation. |
| 650 | 0 | 0 | |a Pragmatics. |
| 650 | 0 | 0 | |a Speech acts (Linguistics) |
| 650 | 0 | 0 | |a Social interaction. |
| 700 | 1 | |a Levinson, Stephen C. | |
| 830 | 0 | |a Studies in interactional sociolinguistics ; |v ; 4 | |
| 852 | |a INST |b LESVOS |e 19941014 |h 401.9 BRO |p 005100003112 |q 005100003112 |t BK |y 0 | ||
| 852 | |a INST |b LESVOS |e 20000621 |h 401.9 BRO |p 005100026513 |q 005100026513 |t BK |y 0 | ||
| 909 | |a Λ |b 037103 | ||
| 909 | |a Λ |b 080520 | ||
| 950 | |a 140-1994-08-31 | ||